000 00972nam a2200289 a 4500
001 000013121
003 DO-SdBNP
005 20151103152926.0
007 000013121
008 091120s1995 dr 000 f spa d
040 _aBPMET
_bspa
_cBPMET
092 _aRD863.44
_bT683m
100 1 _aToribio, Tirso,
_d1936-
245 1 3 _aLa muerte de Jacinto Mendoza /
_cTirso Toribio; presentación Manuel Mora Serrano.
260 _aSanto Domingo :
_bAlfa & Omega,
_c1995.
300 _a202 p. ;
_c21 cm.
500 _aIncluye datos biográficos del autor en la contracubierta
650 4 _aNOVELA DOMINICANA
650 4 _aLITERATURA DOMINICANA
700 1 _aMora Serrano, Manuel,
_epról.
910 _aValidado. Control de calidad EMS
930 1 _lBND01
_mLF1
_hRD863.44
_820091120
_f01
_pHD
_g7985
942 _2ddc
_cBK
956 _aYLOCKWARD
_b10
_c20100217
_lBND01
_h1443
956 _aEMARRERO
_b40
_c20120407
_lBND01
_h0014
956 _aVMATEO
_b10
_c20150410
_lBND01
_h00151
999 _c7605
_d7605